| 000 | 00755cam a22002415a 4500 | ||
|---|---|---|---|
| 001 | 008728712 | ||
| 005 | 20201128024233.0 | ||
| 008 | 940124s1994 enka frb 001 0 eng d | ||
| 020 | _a0273601989 | ||
| 020 | _a9780273601982 | ||
| 040 |
_aUk _cUk _beng _dEG-ScBUE |
||
| 082 | 0 | 4 |
_222 _a658.87 _bCAS |
| 245 | 0 | 0 |
_aCases in retail management / _cedited by Peter J. McGoldrick. |
| 260 |
_aLondon : _bPitman Publishing, _c1994. |
||
| 300 |
_axviii, 398 p. : _bill. ; _c24 cm. |
||
| 504 | _aIncludes bibliographical references and index. | ||
| 541 | _aDonation from David Kirby. | ||
| 650 | 7 |
_2BUEsh _92304 _aRetail trade _xManagement. |
|
| 651 | _2BUEsh | ||
| 653 |
_bGGEN _bBUSADM _cFebruary2018 |
||
| 700 | 1 |
_aMcGoldrick, Peter J. _eeditor. |
|
| 942 | _2ddc | ||
| 999 |
_c26078 _d26050 |
||